<?xml version="1.0" encoding="UTF-8"?>
<collection xmlns="http://www.loc.gov/MARC21/slim">
  <record>
    <leader>00000nam  2200000   4500</leader>
    <controlfield tag="001">INLIS000000000028660</controlfield>
    <controlfield tag="005">20200326081143</controlfield>
    <datafield tag="035" ind1="#" ind2="#">
      <subfield code="a">0010-061300000028660</subfield>
    </datafield>
    <controlfield tag="008">200326################g##########0#ind##</controlfield>
    <datafield tag="041" ind1="#" ind2="#">
      <subfield code="a">Ind</subfield>
    </datafield>
    <datafield tag="082" ind1="#" ind2="#">
      <subfield code="a">2x6</subfield>
    </datafield>
    <datafield tag="090" ind1="#" ind2="#">
      <subfield code="a">2x6, Abd d</subfield>
    </datafield>
    <datafield tag="100" ind1="#" ind2="#">
      <subfield code="a">Abdillah, Masykuri</subfield>
    </datafield>
    <datafield tag="245" ind1="1" ind2="#">
      <subfield code="a">Demokrasi di persimpangan makna, :</subfield>
      <subfield code="b">Respons intelektual Muslim Indonesia terhadap konsep demokrasi /</subfield>
      <subfield code="c">Dr. Masykuri Abdillah penerjemah, Wahib Wahab</subfield>
    </datafield>
    <datafield tag="260" ind1="#" ind2="#">
      <subfield code="a">Yogyakarta :</subfield>
      <subfield code="b">Tiara Wacana Yogya,</subfield>
      <subfield code="c">1999</subfield>
    </datafield>
    <datafield tag="300" ind1="#" ind2="#">
      <subfield code="a">xiv, 355 hlm, ;</subfield>
      <subfield code="c">21 X 14 cm.</subfield>
    </datafield>
    <datafield tag="850" ind1="#" ind2="#">
      <subfield code="a">NBPNMAT</subfield>
    </datafield>
    <datafield tag="020" ind1="#" ind2="#">
      <subfield code="a">979-8120-88-4</subfield>
    </datafield>
    <datafield tag="084" ind1="#" ind2="#">
      <subfield code="a">2x6 ABD d</subfield>
    </datafield>
    <datafield tag="250" ind1="#" ind2="#">
      <subfield code="a">cet.1</subfield>
    </datafield>
    <datafield tag="650" ind1="#" ind2="4">
      <subfield code="a">Demokrasi Islam</subfield>
    </datafield>
    <datafield tag="700" ind1=" " ind2="#">
      <subfield code="a">Wahib Waha</subfield>
    </datafield>
    <datafield tag="520" ind1="#" ind2="#">
      <subfield code="a">Bibliografi ;hlm.:333-355</subfield>
    </datafield>
    <datafield tag="990" ind1="#" ind2="#">
      <subfield code="a">143.111/Pro.99</subfield>
    </datafield>
    <datafield tag="990" ind1="#" ind2="#">
      <subfield code="a">00026886</subfield>
    </datafield>
    <datafield tag="990" ind1="#" ind2="#">
      <subfield code="a">143.109/pro-99</subfield>
    </datafield>
    <datafield tag="990" ind1="#" ind2="#">
      <subfield code="a">143.111/Pro.99</subfield>
    </datafield>
  </record>
</collection>
